|
|
|
|
| LEADER |
00000cam a2200000 7i4500 |
| 001 |
0000046721 |
| 005 |
20161004.0 |
| 008 |
040805s1997 |
| 020 |
|
|
|a 0939549131
|
| 090 |
0 |
0 |
|a R 978 MAN
|
| 100 |
1 |
|
|a Manns, William
|
| 245 |
1 |
0 |
|a Cowboys & The Trappings Of The Old West
|c William Manns and Elizabeth Clair Flood
|
| 260 |
|
|
|a U.S.A. :
|b Zon International Publishing Company ,
|c 1997
|
| 300 |
|
|
|a 223p. :
|b col.ill. ;
|c 30cm.
|
| 650 |
0 |
0 |
|a Cowboys- West (US)-History
|
| 999 |
|
|
|a 226220
|b Buku
|c Rak Terbuka
|e Perbadanan Perpustakaan Awam Melaka
|
| 999 |
|
|
|a 254138
|b Buku
|c Rak Terbuka
|e Perbadanan Perpustakaan Awam Melaka
|